000 00404nam a2200169Ia 4500
008 230524s9999 xx 000 0 und d
020 _a8174091955
082 _a510
_bGRU
100 _aB.S.Grewal
245 0 _aHigher Engineering Mathematics
250 _a38TH
260 _aNEW DELHI
_bKhanna
_c2005
300 _aXI;1232
500 _aQuantity Number: 47
650 _aMathematics
942 _cBK
999 _c14129
_d14129